Get through MRCOG part 1:MCQS and EMQS (Record no. 4743)

MARC details
000 -LEADER
fixed length control field 00485nam a22001817a 4500
003 - CONTROL NUMBER IDENTIFIER
control field OSt
005 - DATE AND TIME OF LATEST TRANSACTION
control field 20160714153153.0
008 - FIXED-LENGTH DATA ELEMENTS--GENERAL INFORMATION
fixed length control field 160714b xxu||||| |||| 00| 0 eng d
020 ## - INTERNATIONAL STANDARD BOOK NUMBER
International Standard Book Number 9781853159718
040 ## - CATALOGING SOURCE
Transcribing agency DNLM
082 ## - DEWEY DECIMAL CLASSIFICATION NUMBER
Classification number WB18W962g 2010.
100 ## - MAIN ENTRY--PERSONAL NAME
Personal name Wuntakal,Rekha;Tony, Hollingworth
9 (RLIN) 10219
245 ## - TITLE STATEMENT
Title Get through MRCOG part 1:MCQS and EMQS
260 ## - PUBLICATION, DISTRIBUTION, ETC. (IMPRINT)
Place of publication, distribution, etc. UK;
Name of publisher, distributor, etc. Hodder Arnold,
Date of publication, distribution, etc. 2010.
300 ## - PHYSICAL DESCRIPTION
Extent xiii,218p;
Other physical details ill.
Dimensions 24cm
650 ## - SUBJECT ADDED ENTRY--TOPICAL TERM
Topical term or geographic name as entry element medicine
9 (RLIN) 324
942 ## - ADDED ENTRY ELEMENTS (KOHA)
Source of classification or shelving scheme Other/Generic Classification Scheme
Koha item type Open Shelf
Holdings
Withdrawn status Lost status Source of classification or shelving scheme Damaged status Not for loan Home library Current library Date acquired Source of acquisition Inventory number Total Checkouts Barcode Date last seen Price effective from Koha item type Full call number
    Other/Generic Classification Scheme     MUST Main Library MUST Main Library 14/07/2016   14/37716   2016-3168 14/07/2016 14/07/2016 Open Shelf  
    Other/Generic Classification Scheme     MUST Main Library MUST Main Library 14/07/2016   14/37717   2016-3169 14/07/2016 14/07/2016 Open Shelf WB18W962g 2010.
    Other/Generic Classification Scheme     MUST Main Library MUST Main Library 17/08/2016   2014/37718   2016-3682 17/08/2016 17/08/2016 Open Shelf WB18W962g 2010.